000 00661nam a22001937a 4500
005 20150811123540.0
010 _aENG-113636
020 _a9781138020160
_c850.00
035 _aEN-97168
037 _bDBAD/PUB
082 _a954.035
100 _aHilal Ahmed
245 _aMuslim political discourse in postcolonial India :
_cby Hilal Ahmed
_bmonuments, memory, contestation /
260 _aNew Delhi
_bRoutledge
_c2014
270 _a912 Tolstoy House, 15-17 Tolstoy Marg, Connaught Place
_bNew Delhi
_e110001
300 _axvi,328p.
_c23cm(Hb)
500 _aIncludes bibliographical references and index
942 _2ddc
_cEN
_mHIL
_h954.035
999 _c95174
_d95174